000 01301nam a22003857a 4500
001 0061758
003 KOHA_MİRAKIL
005 20260207004350.0
007 ta
008 180102b2018 tu |||gr||||#||||0|tur |
020 _a9789752485105
040 _aTR-BiSEU
_btur
_cTR-BiSEU
_erda
041 0 _atur
044 _ctu
050 _aND868
_b.T37 2018
245 0 _aTasvir-i mimari :
_bgaleri kalem güzeli koleksiyonundan seçmeler sergisi/
_cEditör: Aykut Ertuğrul.
264 1 _aİstanbul :
_bZeytinburnu Kültür ve Sanat Yayınları
_c2018
300 _a60 sayfa: resimli.; 28 cm.
336 _ametin
_btxt
_2rdacontent
337 _aaracısız
_bn
_2rdamedia
338 _acilt
_bnc
_2rdacarrier
490 0 _a
500 _aDonated by Zeytinburnu Belediyesi.
650 0 _aGüzel ve Dekoratif Sanatlar.
_9114660
650 0 _aSergi Katalogları--Galeri Kalem Güzeli.
_9114661
650 0 _aArt, Turkish--Turkey--Private collections.
_985515
650 0 _aArt--Private collections--Turkey.
_985514
650 0 _aPainters.
_977540
650 0 _aPainters--Turkey.
_949068
650 0 _aPainting, Turkish--20th century.
_977541
650 0 _aPainting--Turkey.
_977542
650 0 _aPainting--Painters--History and Criticism.
_977543
830 0 _a
_91620
942 _2lcc
_cBK
999 _c61555
_d61555